=LDR 00000nam 2200000 4500 =001 NUTBA000000000003196 =005 20140806145625.0 =006 =007 =008 =020 ##$$a 979-462-910-3 =035 ##$$a 0010-081400000000040 =040 ##$$a NBPDMAT =082 ##$$a 510 =090 ##$$a 510 $b Pan m =100 ##$$a Pangarso Yuliatmoko =245 ##$$a Matematika untuk SMA/MA kelas XI program bahasa / Pangarso Yuliatmoko =260 ##$$a Jakarta : $b Pusat Perbukuan Departemen Pendidikan Nasional, $c 2008 =300 ##$$a viii, 122 hlm. ;$c 25 cm. =650 ##$$a Matematika SMA =990 ##$$a 21406867